Auditora̕ integral normas y procedimientos

Detalles Bibliográficos
Autor principal: Blanco Luna, Yanel
Formato: eBook
Lenguaje:español
Publicado: Bogot ̀ ECOE, 2012
Materias:
Acceso en línea:http://www.vlex.com/source/7663

MARC

LEADER 00000nam a22000007a 4500
005 20130327094849.0
007 cr|||| ||||
008 130327e2012 ck |||||s|||| 00||0 spa d
020 |a 978-958-648-749-8 
035 |a 7663 
040 |a vLex 
090 |c 4041  |d 4041 
100 1 0 |a Blanco Luna, Yanel  
245 1 0 |a Auditora̕ integral  |b normas y procedimientos  |c / Yanel Blanco Luna   |h [Recurso electrn̤ico]  
256 |a Servicio en ln̕ea 
260 |a Bogot ̀  |b ECOE,   |c 2012  
300 |a 1 Recurso electrn̤ico 
506 |d vLex Global  |d vLex Global (Academic Edition, excluding Law Schools)  |d vLex Global (U.S. Academic Edition, Law Schools)  |d vLex Global (U.S. Academic Edition, excluding Law Schools)  |d vLex Global (Academic Edition, Law Schools) 
650 0 4 |a Contabilidad 
650 0 4 |a Administracin̤ (Management) 
740 |a vLex Libros (Servicio en ln̕ea) 
856 |a Acceso restringido  |u http://www.vlex.com/source/7663 
942 |c BOOK 
999 0 |a Accounting